| 000 | 01106cam a2200337 i 4500 | ||
|---|---|---|---|
| 999 |
_c7005 _d7005 |
||
| 001 | 17569314 | ||
| 003 | GBCCL | ||
| 005 | 20241126110617.0 | ||
| 008 | 121220t20132013ilu b 001 0 eng | ||
| 010 | _a 2012044199 | ||
| 020 | _a9780802408730 | ||
| 040 |
_aDLC _beng _cDLC _erda _dDLC |
||
| 042 | _apcc | ||
| 050 | 0 | 0 |
_aBS2595.53 _b.M333 2013 |
| 082 | 0 | 0 |
_a225.77 _223 _bMAC |
| 100 | 1 |
_aMacArthur, John, _d1939- _91165 |
|
| 245 | 1 | 0 |
_aLuke 11-17 / _cJohn MacArthur. |
| 250 | _aIndian edition | ||
| 264 | 1 |
_aChicago : _bMoody Publishers, _c[2013] |
|
| 264 | 4 | _c©2013 | |
| 300 |
_aviii, 445 pages ; _c24 cm. |
||
| 336 |
_atext _2rdacontent |
||
| 337 |
_aunmediated _2rdamedia |
||
| 338 |
_avolume _2rdacarrier |
||
| 490 | 0 | _aThe MacArthur New Testament commentary | |
| 504 | _aIncludes bibliographical references (pages 421-422) and indexes. | ||
| 630 | 0 | 0 |
_aBible. _pLuke, XI-XVII _vCommentaries. _912449 |
| 906 |
_a7 _bcbc _corignew _d1 _eecip _f20 _gy-gencatlg |
||
| 942 |
_2ddc _cREF |
||